The Stalwarts: (Record no. 208676)
[ view plain ]
| 000 -LEADER | |
|---|---|
| fixed length control field | 00580nam a22001697a 4500 |
| 010 ## - LCCN (DPL NO) | |
| LC control number | ENG-143454 |
| 020 ## - INTERNATIONAL STANDARD BOOK NUMBER | |
| International Standard Book Number | 9788172210755 |
| Terms of availability | 180.00 |
| 035 ## - SYSTEM CONTROL NUMBER | |
| System control number | EN-126986 |
| 037 ## - SOURCE OF ACQUISITION | |
| Source of stock number/acquisition | DBAD |
| 082 ## - DEWEY DECIMAL CLASSIFICATION NUMBER | |
| Classification number | 921 |
| 245 ## - TITLE STATEMENT | |
| Title | The Stalwarts: |
| Remainder of title | builders and leaders of mushawarat 1964-2015 / |
| Statement of responsibility, etc | edited by Zafarul-Islam Khan |
| 260 ## - PUBLICATION, DISTRIBUTION, ETC. (IMPRINT) | |
| Place of publication, distribution, etc | New Delhi |
| Name of publisher, distributor, etc | Pharos Media & Publishing Pvt. Ltd |
| Date of publication, distribution, etc | 2015 |
| 270 ## - ADDRESS | |
| Address | D-84 Abul Fazl Enclave-I Jamia Nagar, |
| City | New Delhi |
| Postal code | 110025 |
| 300 ## - PHYSICAL DESCRIPTION | |
| Extent | 182p.: |
| Other physical details | illus. |
| Dimensions | 22cm(Pbk) |
| 700 ## - ADDED ENTRY--PERSONAL NAME | |
| Personal name | Khan, Zafarul-Islam |
| 9 (RLIN) | 76875 |
| 942 ## - ADDED ENTRY ELEMENTS (KOHA) | |
| Source of classification or shelving scheme | Dewey Decimal Classification |
| Item type | English Books |
| Classification part | 921 |
| Call number suffix | STA |
| Withdrawn status | Lost status | Not for loan | Collection code | Home library | Current library | Date acquired | Source of acquisition | Cost, normal purchase price | Full call number | Barcode | Copy number | Cost, replacement price | Koha item type |
|---|---|---|---|---|---|---|---|---|---|---|---|---|---|
| Non-fiction | Ashok Vihar | Ashok Vihar | 23/01/2025 | DBAD | 180.00 | 921 STA | EN-126986 | 1 | 180.00 | English Books |
